Loading...
Current Events | 1 | 10.00 | 0% | 0% | 100% |
Fine Arts - Classical Music | 5 | 10.00 | 100% | 0% | 0% |
Fine Arts - Other Fine Arts | 6 | 13.33 | 100% | 17% | 17% |
Fine Arts - Painting and Sculpture | 4 | 12.50 | 100% | 25% | 0% |
Geography | 1 | 20.00 | 100% | 100% | 0% |
History - American History | 5 | 18.00 | 100% | 80% | 0% |
History - European History | 4 | 20.00 | 100% | 100% | 0% |
History - Other History | 6 | 11.67 | 100% | 17% | 0% |
History - World History | 5 | 14.00 | 80% | 60% | 0% |
Literature - American Literature | 8 | 15.00 | 88% | 50% | 13% |
Literature - British Literature | 6 | 15.00 | 100% | 50% | 0% |
Literature - European Literature | 5 | 12.00 | 100% | 20% | 0% |
Literature - World Literature | 8 | 16.25 | 100% | 63% | 0% |
Mythology | 4 | 12.50 | 100% | 25% | 0% |
Philosophy | 6 | 10.00 | 100% | 0% | 0% |
Pop Culture | 1 | 10.00 | 100% | 0% | 0% |
Religion | 5 | 20.00 | 100% | 80% | 20% |
Science - Biology | 6 | 13.33 | 100% | 33% | 0% |
Science - Chemistry | 6 | 11.67 | 83% | 33% | 0% |
Science - Other Science | 4 | 7.50 | 50% | 25% | 0% |
Science - Physics | 4 | 15.00 | 100% | 50% | 0% |
Social Science | 6 | 8.33 | 83% | 0% | 0% |